North Rhine-Westphalia State Quiz - Statistics

General Stats
  • This quiz has been taken 377 times
    347 since last reset
  • The average score is 15 of 18
Answer Stats
Hint Answer % Correct
Belgium
98%
German capital (1949-1991) Bonn
98%
Largest city Cologne
98%
Two bordering foreign countries Netherlands
98%
Major river that runs through mentioned cities Rhine
98%
Capital city Düsseldorf
97%
Common abbreviation NRW
93%
Industrial area named for another river Ruhr Valley
93%
Resource whose exploitation characterized this area Coal
88%
8-time German football champion and 2013 Champions League finalist Borussia Dortmund
81%
This Gothic building is Germany's most visited landmark Cologne Cathedral
80%
Composer of the "Ode to Joy" Ludwig van Beethoven
80%
Extinct human species named for a valley Neanderthal
77%
Great Frankish king who was crowned and died in Aachen Charlemagne
74%
Troops from this empire suffered a humiliating defeat at Teutoburg Forest Roman Empire
72%
These pre-Ash Wednesday festivities are a staple of many cities' culture Carnival
67%
Essen-based family and company that was Germany's major steel producer during WWII Krupp
60%
A peace treaty signed in Münster in 1648 ended this war Thirty Years' War
58%
No matching quizzes found
Score Distribution
Percent of People with Each Score
Percentile by Number Answered
Your Score History
You have not taken this quiz since the last reset